[Event "Groningen PCA"]
[Site "Groningen"]
[Date "1993.??.??"]
[Round "7"]
[White "Vyzmanavin, Alexey"]
[Black "Dolmatov, Sergey"]
[Result "1/2-1/2"]
[WhiteElo "2605"]
[BlackElo "2630"]
[PlyCount "46"]
[EventDate "1993.12.??"]
[Source "ChessBase"]

1. d4 Nf6 2. c4 g6 3. Nc3 Bg7 4. e4 d6 5. h3 O-O 6. Bg5 Nbd7 7. Nf3 e5 8. d5 a5 9. Be2 Nc5 10. Nd2 c6 11. O-O Bd7 12. Nb3 Nxb3 13. axb3 h6 14. Be3 c5 15. Qd2 Kh7 16. Rae1 Qe7 17. Bd1 Be8 18. Kh2 Bd7 19. g3 Ng8 20. Bc2 Rae8 21. f3 b6 22. Qg2 h5 23. f4 Bh6 1/2-1/2

[Event "Cardinal Open,OH"]
[Site "Cardinal Open,OH"]
[Date "1993.??.??"]
[Round "?"]
[White "Shabalov, Alexander"]
[Black "Kaidanov, Gregory S"]
[Result "1-0"]
[WhiteElo "2575"]
[BlackElo "2620"]
[PlyCount "111"]
[EventDate "1993.??.??"]
[Source "www.chesslib.no"]
[SourceDate "2004.05.04"]

1. Nf3 Nf6 2. c4 g6 3. Nc3 Bg7 4. e4 d6 5. d4 O-O 6. Be2 e5 7. dxe5 dxe5 8. Qxd8 Rxd8 9. Bg5 Nbd7 10. O-O-O Rf8 11. Nd5 c6 12. Ne7+ Kh8 13. Be3 Re8 14. Nxc8 Rexc8 15. g4 Rc7 16. Nd2 Bf8 17. g5 Ne8 18. Nb3 a5 19. a4 Nd6 20. c5 Nxe4 21. Rxd7 Rxd7 22. f3 Nxc5 23. Nxc5 Bxc5 24. Bxc5 Kg7 25. Be3 b5 26. Kc2 Rd5 27. Ra1 f5 28. gxf6+ Kxf6 29. Bd3 b4 30. Be4 Rd7 31. Kb3 Rad8 32. Kc4 Rd1 33. Rxd1 Rxd1 34. h4 Rh1 35. Bg5+ Ke6 36. Kc5 b3 37. Kc4 Kd6 38. Kxb3 Rh2 39. Kc3 Rh1 40. Bd8 Kd7 41. Bxa5 Rxh4 42. Bb6 Rh1 43. a5 Rc1+ 44. Kb4 Ra1 45. b3 h5 46. Bxg6 h4 47. Bf5+ Kd6 48. Bc8 Ra2 49. Kc4 c5 50. Bf5 Kc6 51. Be4+ Kd6 52. Bxc5+ Ke6 53. Kb5 h3 54. a6 h2 55. f4 Re2 56. Bh1 1-0

[Event "NED-ch"]
[Site "Rotterdam"]
[Date "2000.05.15"]
[Round "8"]
[White "Piket, Jeroen"]
[Black "Reinderman, Dimitri"]
[Result "1-0"]
[WhiteElo "2633"]
[BlackElo "2561"]
[PlyCount "87"]
[EventDate "2000.05.07"]
[Source "ChessBase"]
[SourceDate "2000.07.27"]

1. d4 Nf6 2. Nf3 g6 3. c4 Bg7 4. Nc3 O-O 5. e4 d6 6. Be2 c5 7. d5 e5 8. a3 Na6 9. h3 Nh5 10. g3 f5 11. Nd2 Nf6 12. g4 Qe7 13. Nf1 Ne8 14. g5 h6 15. h4 hxg5 16. Bxg5 Bf6 17. Rg1 Ng7 18. Qd2 Kf7 19. Nh2 Bxg5 20. Rxg5 Rh8 21. h5 Nxh5 22. Bxh5 Rxh5 23. Rxh5 gxh5 24. Qh6 Qf6 25. Qxh5+ Ke7 26. Qh7+ Qf7 27. Qxf7+ Kxf7 28. Nb5 Ke7 29. Kd2 Bd7 30. Rg1 Rh8 31. Rg7+ Kd8 32. Nf3 Bxb5 33. cxb5 Nc7 34. Ng5 Rh2 35. Nf7+ Ke7 36. Nh6+ Kd8 37. Nf7+ Ke7 38. Nh6+ Kd8 39. Nxf5 Rxf2+ 40. Ke1 Rxb2 41. Nxd6 Nxb5 42. Nxb7+ Kc8 43. d6 Rb1+ 44. Kd2 1-0

[Event "ROM-chT"]
[Site "?"]
[Date "1998.11.11"]
[Round "2"]
[White "Atalik Suat"]
[Black "Fedorov Alexei"]
[Result "1/2-1/2"]
[WhiteElo "2585"]
[BlackElo "2600"]
[PlyCount "55"]
[EventDate "1998.??.??"]
[Source "www.chesslib.no"]
[SourceDate "2004.05.04"]

1. d4 Nf6 2. c4 g6 3. Nc3 Bg7 4. e4 d6 5. Be2 O-O 6. Nf3 e5 7. dxe5 dxe5 8. Qxd8 Rxd8 9. Bg5 Rf8 10. Nxe5 Nxe4 11. Nxe4 Bxe5 12. O-O-O Nc6 13. Nf6+ Kg7 14. Ng4 Bxg4 15. Bxg4 Bf6 16. Bxf6+ Kxf6 17. Bf3 Rad8 18. Bxc6 bxc6 19. Kc2 c5 20. Kc3 Rd6 21. Rhe1 Rfd8 22. Rxd6+ cxd6 23. Re2 Rb8 24. Re3 h5 25. Rf3+ Ke6 26. Re3+ Kf6 27. Rf3+ Ke6 28. Re3+ 1/2-1/2

[Event "Tilburg"]
[Site "?"]
[Date "1992.??.??"]
[Round "?"]
[White "Hertneck, G."]
[Black "Dolmatov, S."]
[Result "1/2-1/2"]
[WhiteElo "2560"]
[BlackElo "2610"]
[PlyCount "88"]
[EventDate "1992.??.??"]
[Source "ChessBase"]
[SourceDate "1992.10.01"]

1. Nf3 Nf6 2. d4 g6 3. c4 Bg7 4. Nc3 O-O 5. e4 d6 6. Be2 e5 7. dxe5 dxe5 8. Qxd8 Rxd8 9. Bg5 Rf8 10. Nd5 Nxd5 11. cxd5 c6 12. Bc4 b5 13. Bb3 Bb7 14. Rc1 a5 15. a3 a4 16. Ba2 Rc8 17. Be3 h6 18. Ke2 Na6 19. dxc6 Bxc6 20. Rhd1 Bxe4 21. Rxc8+ Rxc8 22. Rd7 Rc7 23. Bxf7+ Kf8 24. Be6 Ke8 25. Rd6 Nc5 26. Bh3 Ke7 27. Rb6 Kf7 28. Ne1 Bd5 29. f3 Bc4+ 30. Kd1 Nb3 31. g3 e4 32. fxe4 Re7 33. Nc2 Rxe4 34. Bg2 Re5 35. Bf3 Rf5 36. Bf4 Rc5 37. Rb7+ Kg8 38. Be4 Bd5 39. Rb8+ Kf7 40. Bd3 Bxb2 41. Rxb5 Bf3+ 42. Ke1 Rc3 43. Nb4 Bxa3 44. Rb6 Bxb4 1/2-1/2

[Event "Volmac-De Variant"]
[Site "Volmac-De Variant"]
[Date "1993.??.??"]
[Round "?"]
[White "Van Wely, Loek"]
[Black "Piket, Jeroen"]
[Result "0-1"]
[WhiteElo "2560"]
[BlackElo "2590"]
[PlyCount "120"]
[EventDate "1993.??.??"]
[Source "www.chesslib.no"]
[SourceDate "2004.05.04"]

1. d4 Nf6 2. c4 g6 3. Nc3 Bg7 4. e4 d6 5. Nf3 O-O 6. Be2 c5 7. d5 e5 8. a3 Ne8 9. h4 Bg4 10. Ng5 Bxe2 11. Qxe2 h6 12. Nf3 Nf6 13. Be3 Nbd7 14. Qd2 Ng4 15. h5 Nxe3 16. Qxe3 Nf6 17. g3 a6 18. Qd2 Qd7 19. hxg6 fxg6 20. Nh4 Kh7 21. Qe2 Rf7 22. Kf1 Raf8 23. Kg2 b5 24. b3 bxc4 25. bxc4 Ng8 26. Raf1 Bf6 27. Qe3 Kg7 28. Nf3 h5 29. Ng5 Bxg5 30. Qxg5 Rf3 31. Nd1 Nf6 32. Rh4 Qb7 33. Qc1 Qb3 34. Ne3 Nh7 35. Qd2 R8f7 36. Qe2 Ng5 37. Qd2 Qxa3 38. Nf5+ R3xf5 39. exf5 Nf3 40. Qc1 Nxh4+ 41. gxh4 Qxc1 42. Rxc1 gxf5 43. Rb1 a5 44. Rb6 Ra7 45. Rxd6 a4 46. Rc6 a3 47. d6 Kf6 48. Rc7 Ra6 49. Rh7 Rxd6 50. Ra7 Rd4 51. Rxa3 Rxh4 52. Ra6+ Kg5 53. Re6 Re4 54. Kf3 h4 55. Re8 Rf4+ 56. Kg2 Rxc4 57. Rxe5 Kg4 58. Re3 Rc2 59. Rd3 c4 60. Rd4+ f4 0-1

[Event "North Sea Cup 17th"]
[Site "Esbjerg"]
[Date "2002.07.13"]
[Round "9"]
[White "Glek, Igor V"]
[Black "Volokitin, Andrei"]
[Result "1/2-1/2"]
[WhiteElo "2590"]
[BlackElo "2545"]
[PlyCount "21"]
[EventDate "2002.07.05"]
[Source "ChessBase"]
[SourceDate "2002.11.12"]

1. d4 Nf6 2. c4 g6 3. Nc3 Bg7 4. e4 d6 5. Be2 O-O 6. Nf3 e5 7. dxe5 dxe5 8. Qxd8 Rxd8 9. Bg5 Re8 10. Nd5 Nxd5 11. cxd5 1/2-1/2

[Event "Makarska"]
[Site "Makarska"]
[Date "1997.10.09"]
[Round "7"]
[White "Balinov, Ilija"]
[Black "Cvitan, Ognjen"]
[Result "1/2-1/2"]
[WhiteElo "2560"]
[BlackElo "2570"]
[PlyCount "32"]
[EventDate "1997.10.??"]
[Source "www.chesslib.no"]
[SourceDate "2004.05.04"]

1. Nf3 Nf6 2. c4 g6 3. Nc3 Bg7 4. e4 d6 5. d4 O-O 6. Be2 e5 7. dxe5 dxe5 8. Qxd8 Rxd8 9. Bg5 Nbd7 10. O-O-O Rf8 11. Ne1 Nc5 12. f3 Ne6 13. Be3 c6 14. Nc2 c5 15. Rhe1 Nd4 16. Bf1 Be6 1/2-1/2

[Event "6. EICC Qualification"]
[Site "?"]
[Date "2005.07.02"]
[Round "2"]
[White "Markus Robert"]
[Black "Gritsak Orest"]
[Result "1-0"]
[WhiteElo "2584"]
[BlackElo "2537"]
[PlyCount "81"]
[EventDate "2005.??.??"]
[Source "www.chesslib.no"]
[SourceDate "2004.05.04"]

1. d4 g6 2. c4 Bg7 3. e4 d6 4. Nc3 Nf6 5. Nf3 O-O 6. Be2 c5 7. d5 e5 8. Be3 Ng4 9. Bg5 f6 10. Bh4 Nh6 11. Nd2 Nd7 12. f3 a6 13. a3 Qe8 14. b4 Nf7 15. O-O Bh6 16. Bf2 f5 17. Nb3 b6 18. bxc5 bxc5 19. Na5 Nf6 20. Rb1 fxe4 21. Nxe4 Nxe4 22. fxe4 Ng5 23. Qd3 Ra7 24. Nc6 Raf7 25. Rb8 Rb7 26. Ra8 Rf4 27. Rb1 Rxb1+ 28. Qxb1 Bf8 29. Bd3 Qf7 30. Bg3 Bg4 31. Bxf4 exf4 32. h4 f3 33. hxg5 f2+ 34. Kf1 Qf4 35. Qc2 Qxg5 36. Qxf2 Qc1+ 37. Qe1 Qxa3 38. Qe3 Qa1+ 39. Kf2 Qf6+ 40. Kg1 Qa1+ 41. Bf1 1-0

[Event "Valoz Cup GMA"]
[Site "Olomouc CEC"]
[Date "2007.08.03"]
[Round "4"]
[White "Maslak, K."]
[Black "Vorobiov, E."]
[Result "1/2-1/2"]
[WhiteElo "2548"]
[BlackElo "2572"]
[PlyCount "28"]
[EventDate "2007.08.01"]
[Source "www.chesslib.no"]
[SourceDate "2004.05.04"]

1. d4 Nf6 2. c4 d6 3. Nf3 g6 4. Nc3 Bg7 5. e4 O-O 6. h3 Nbd7 7. Bg5 e5 8. d5 a5 9. Nd2 Nc5 10. Be2 Bd7 11. O-O h6 12. Be3 Nh7 13. b3 f5 14. f3 Nf6 1/2-1/2

[Event "Buenos Aires Najdorf"]
[Site "Buenos Aires"]
[Date "1991.??.??"]
[Round "8"]
[White "Barbero, Gerardo F"]
[Black "Dolmatov, Sergey"]
[Result "1/2-1/2"]
[WhiteElo "2495"]
[BlackElo "2620"]
[PlyCount "66"]
[EventDate "1991.04.??"]
[Source "ChessBase"]

1. d4 Nf6 2. Nf3 g6 3. c4 Bg7 4. Nc3 O-O 5. e4 d6 6. Be2 e5 7. dxe5 dxe5 8. Qxd8 Rxd8 9. Nd5 Nxd5 10. cxd5 c6 11. Bc4 b5 12. Bg5 Re8 13. Bb3 a5 14. a3 a4 15. Ba2 c5 16. Be3 Nd7 17. Bb1 Bf8 18. Nd2 c4 19. Bc2 Bd6 20. Nb1 Nc5 21. Nc3 Bd7 22. O-O Kg7 23. f4 exf4 24. Bxf4 Bxf4 25. Rxf4 Ra6 26. Raf1 f6 27. h4 h6 28. Kf2 Rd6 29. Ke3 Re7 30. R4f2 Be8 31. Kd4 Ne6+ 32. Ke3 Nd8 33. Kd4 Ne6+ 1/2-1/2

[Event "Najdorf"]
[Site "Buenos Aires Najdorf"]
[Date "1991.??.??"]
[Round "8"]
[White "Barbero, Gerardo F"]
[Black "Dolmatov, Sergey V"]
[Result "1/2-1/2"]
[WhiteElo "2495"]
[BlackElo "2620"]
[PlyCount "43"]
[EventDate "1991.??.??"]
[Source "www.chesslib.no"]
[SourceDate "2004.05.04"]

1. d4 Nf6 2. Nf3 g6 3. c4 Bg7 4. Nc3 O-O 5. e4 d6 6. Be2 e5 7. dxe5 dxe5 8. Qxd8 Rxd8 9. Nd5 Nxd5 10. cxd5 c6 11. Bc4 b5 12. Bg5 Re8 13. Bb3 a5 14. a3 a4 15. Ba2 cxd5 16. Bf4 Na6 17. Bb1 Bf6 18. Bd2 b4 19. axb4 Bg5 20. Bxg5 f6 21. Rxa4 Re7 22. g4 1/2-1/2

[Event "TCh-CZE 2002-3"]
[Site "Czech Rep"]
[Date "2003.03.15"]
[Round "8"]
[White "Babula, Vlastimil"]
[Black "Jakubiec, Artur"]
[Result "0-1"]
[WhiteElo "2581"]
[BlackElo "2532"]
[PlyCount "90"]
[EventDate "2003.01.01"]
[Source "Roberto Alvarez"]
[SourceDate "2003.04.28"]

1. d4 g6 2. c4 Bg7 3. e4 d6 4. Nc3 Nf6 5. Nf3 O-O 6. Be2 e5 7. dxe5 dxe5 8. Qxd8 Rxd8 9. Bg5 c6 10. Nxe5 Re8 11. O-O-O Na6 12. f4 h6 13. Bh4 g5 14. fxg5 hxg5 15. Bg3 Nc5 16. Rhf1 Be6 17. Nf3 Nfxe4 18. Nxe4 Nxe4 19. Be5 f6 20. Bd4 g4 21. Nh4 Bh6+ 22. Kc2 Bg5 23. Bd3 Bxh4 24. Bxe4 Bxc4 25. Bd3 Bxd3+ 26. Rxd3 Re2+ 27. Rd2 Rae8 28. Kd3 Rxd2+ 29. Kxd2 Bg5+ 30. Kd3 Kf7 31. Bxa7 Rd8+ 32. Kc3 Rd5 33. Bg1 Rd2 34. Bf2 Re2 35. h3 g3 36. Be1 Rxg2 37. Rf3 Bh4 38. Rf4 Re2 39. Rxh4 Rxe1 40. Rg4 Rg1 41. Kd3 f5 42. Rg5 Kf6 43. h4 g2 44. Ke3 Re1+ 45. Kf2 Rb1 0-1

[Event "Cappelle la Grande op"]
[Site "Cappelle la Grande"]
[Date "2001.03.02"]
[Round "8"]
[White "Malakhatko, Vadim"]
[Black "Degraeve, Jean Marc"]
[Result "1/2-1/2"]
[WhiteElo "2513"]
[BlackElo "2589"]
[PlyCount "71"]
[EventDate "2001.02.24"]
[Source "ChessBase"]
[SourceDate "2001.03.08"]

1. d4 Nf6 2. c4 c5 3. d5 e5 4. Nc3 d6 5. e4 g6 6. Be2 Bg7 7. Nf3 O-O 8. O-O a6 9. a3 Nbd7 10. Ne1 Ne8 11. Nd3 f5 12. b4 b6 13. Bd2 Nef6 14. f3 h5 15. Rb1 Kh7 16. bxc5 Nxc5 17. Nxc5 bxc5 18. Bd3 fxe4 19. Nxe4 Nxe4 20. Bxe4 Bf5 21. Bxf5 Rxf5 22. Qc2 Ra7 23. Rfe1 Raf7 24. Re4 Bh6 25. h3 Bf4 26. a4 Qg5 27. Bxf4 Rxf4 28. Qd2 Qg3 29. Rxf4 Qxf4 30. Qxf4 Rxf4 31. Rb6 Rxc4 32. Rxa6 Kg7 33. Rxd6 Rxa4 34. Rc6 c4 35. Kf2 Ra5 36. Rxc4 1/2-1/2

[Event "Altensteig"]
[Site "?"]
[Date "1994.??.??"]
[Round "?"]
[White "Zvjaginsev, V."]
[Black "Vogt, L."]
[Result "1-0"]
[WhiteElo "2585"]
[BlackElo "2515"]
[PlyCount "75"]
[EventDate "1994.??.??"]
[Source "ChessBase"]
[SourceDate "1994.06.01"]

1. d4 d6 2. Nf3 Nf6 3. c4 Nbd7 4. Nc3 g6 5. e4 e5 6. Be2 Bg7 7. Be3 O-O 8. d5 Ng4 9. Bd2 f5 10. exf5 gxf5 11. Ng5 Nc5 12. b4 Na6 13. O-O Qf6 14. c5 dxc5 15. b5 Nb8 16. Qb3 Kh8 17. Ne6 Bxe6 18. dxe6 c6 19. Bxg4 fxg4 20. Ne4 Qg6 21. Ng5 c4 22. Qxc4 cxb5 23. Qxb5 Nc6 24. Qxb7 Nd4 25. e7 Rfe8 26. Qd5 h6 27. Nf7+ Kh7 28. Nxe5 Ne2+ 29. Kh1 Qf5 30. Rae1 Rxe7 31. Qxa8 Rxe5 32. Qxa7 Qh5 33. Rxe2 Rxe2 34. Bc3 Qg5 35. Bxg7 Qxg7 36. Qxg7+ Kxg7 37. Ra1 Rxf2 38. a4 1-0

[Event "RUS-Cup02"]
[Site "Moscow"]
[Date "1998.01.23"]
[Round "3"]
[White "Popov, Valerij"]
[Black "Fedorov, Alexei"]
[Result "0-1"]
[WhiteElo "2505"]
[BlackElo "2595"]
[PlyCount "96"]
[EventDate "1998.01.21"]
[Source "ChessBase"]
[SourceDate "1998.04.09"]

1. d4 Nf6 2. Nf3 g6 3. c4 Bg7 4. Nc3 d6 5. e4 O-O 6. Be2 e5 7. dxe5 dxe5 8. Qxd8 Rxd8 9. Bg5 Rf8 10. Nd5 Nxd5 11. cxd5 c6 12. Bc4 b5 13. Bb3 Bb7 14. Be7 Re8 15. d6 c5 16. O-O-O c4 17. Bc2 Nc6 18. Bg5 f6 19. Be3 Nb4 20. Bb1 Red8 21. a3 Nd3+ 22. Bxd3 cxd3 23. Rxd3 Bxe4 24. Rd2 Rac8+ 25. Kd1 Rc6 26. Ke2 Rcxd6 27. Rxd6 Rxd6 28. Rc1 Rd7 29. g3 Kf7 30. Rc8 g5 31. Nd2 Bb7 32. Rb8 g4 33. b4 a6 34. Kd1 Bf8 35. Kc2 Bd6 36. Rh8 Kg7 37. Re8 Re7 38. Rxe7+ Bxe7 39. Bb6 Bd5 40. Kd3 f5 41. Bc7 Kf6 42. Bb6 Ke6 43. Bc7 Ba2 44. Kc2 Bg5 45. Kc3 h5 46. Kd3 f4 47. Kc3 Kf5 48. Nf1 h4 0-1

[Event "Cuxhaven Open"]
[Site "Cuxhaven"]
[Date "1993.??.??"]
[Round "9"]
[White "Dokhoian, Yury R"]
[Black "Glek, Igor V"]
[Result "1/2-1/2"]
[WhiteElo "2550"]
[BlackElo "2545"]
[PlyCount "25"]
[EventDate "1993.03.??"]
[Source "www.chesslib.no"]
[SourceDate "2004.05.04"]

1. Nf3 Nf6 2. c4 g6 3. Nc3 Bg7 4. e4 d6 5. d4 O-O 6. Be2 e5 7. dxe5 dxe5 8. Qxd8 Rxd8 9. Bg5 c6 10. Nxe5 Re8 11. Bf4 Nxe4 12. Nxe4 Bxe5 13. Bxe5 1/2-1/2

[Event "San Sebastian Open"]
[Site "San Sebastian ESP"]
[Date "1991.??.??"]
[Round "9"]
[White "Ubilava, Elizbar E"]
[Black "Damljanovic, Branko"]
[Result "1/2-1/2"]
[WhiteElo "2535"]
[BlackElo "2560"]
[PlyCount "28"]
[EventDate "1991.03.??"]
[Source "www.chesslib.no"]
[SourceDate "2004.05.04"]

1. c4 g6 2. Nc3 Bg7 3. d4 d6 4. Nf3 Nf6 5. e4 O-O 6. Be2 e5 7. dxe5 dxe5 8. Qxd8 Rxd8 9. Bg5 Re8 10. Nd5 Nxd5 11. cxd5 c6 12. Bc4 cxd5 13. Bxd5 Nd7 14. Nd2 h6 1/2-1/2

[Event "Dhaka"]
[Site "Dhaka"]
[Date "1995.??.??"]
[Round "9"]
[White "Krasenkow, Michal"]
[Black "Murshed, Niaz"]
[Result "1-0"]
[WhiteElo "2575"]
[BlackElo "2520"]
[PlyCount "81"]
[EventDate "1995.??.??"]
[Source "ChessBase"]

1. e4 d6 2. d4 g6 3. c4 Nf6 4. Nc3 Bg7 5. Nf3 O-O 6. h3 e5 7. d5 Nbd7 8. Bg5 a5 9. Nd2 Nc5 10. Be2 c6 11. O-O Bd7 12. b3 h6 13. Be3 cxd5 14. cxd5 Rc8 15. a3 Nh5 16. Bxh5 gxh5 17. b4 axb4 18. axb4 Nd3 19. Na4 Bb5 20. Nb6 Rc7 21. Ra5 Be8 22. Ra8 Qf6 23. Qxh5 Nxb4 24. Nf3 Nd3 25. Nh4 Nf4 26. Bxf4 exf4 27. Qg4 Bb5 28. Rxf8+ Kxf8 29. Rb1 h5 30. Qxh5 Bd3 31. Rd1 Bxe4 32. Re1 Qd4 33. Qe2 Rc2 34. Qxe4 Qxf2+ 35. Kh1 Be5 36. Nd7+ Kg8 37. Nxe5 dxe5 38. Rg1 Re2 39. Qc4 Re1 40. Nf3 Rxg1+ 41. Nxg1 1-0

[Event "XIX Czech Chladek & Tintera A Open"]
[Site "Pardubice CEC"]
[Date "2008.07.24"]
[Round "7"]
[White "Gutman, G."]
[Black "Korobov, A."]
[Result "1/2-1/2"]
[WhiteElo "2497"]
[BlackElo "2590"]
[PlyCount "52"]
[EventDate "2008.07.18"]
[Source "www.chesslib.no"]
[SourceDate "2004.05.04"]

1. d4 Nf6 2. Nf3 g6 3. c4 Bg7 4. Nc3 d6 5. e4 O-O 6. Be2 e5 7. dxe5 dxe5 8. Qxd8 Rxd8 9. Bg5 Re8 10. Nd5 Nxd5 11. cxd5 c6 12. Bc4 b5 13. a4 a5 14. Bb3 bxa4 15. Bxa4 Bd7 16. dxc6 Bxc6 17. O-O Bxa4 18. Rxa4 Nc6 19. Rc1 Nd4 20. Rc5 Rab8 21. Rcxa5 Rxb2 22. h3 h6 23. Ra8 Rxa8 24. Rxa8+ Kh7 25. Be3 Nxf3+ 26. gxf3 Rb7 1/2-1/2

[Event "Reykjavik Olafsson"]
[Site "Reykjavik"]
[Date "1995.??.??"]
[Round "1"]
[White "Hjartarson, Johann"]
[Black "Larsen, Bent"]
[Result "1-0"]
[WhiteElo "2570"]
[BlackElo "2515"]
[PlyCount "87"]
[EventDate "1995.09.??"]
[Source "ChessBase"]

1. d4 Nf6 2. c4 c5 3. d5 e5 4. Nc3 d6 5. e4 g6 6. Nf3 Bg7 7. Be2 O-O 8. O-O Ng4 9. a3 f5 10. b4 Na6 11. Rb1 Nf6 12. Nd2 h5 13. exf5 Bxf5 14. Rb3 Rf7 15. Nb5 b6 16. Nf3 Nh7 17. Be3 e4 18. Ne1 Nc7 19. Nxc7 Qxc7 20. Qd2 Qe7 21. bxc5 bxc5 22. Nc2 Raf8 23. Rfb1 Bc8 24. Rb8 Be5 25. Bf1 Nf6 26. h3 Nd7 27. R8b3 Bf4 28. Ne1 Nb6 29. R1b2 Ba6 30. Rc2 h4 31. Bxf4 Rxf4 32. Qe3 Qf6 33. a4 Nd7 34. a5 Ne5 35. Rbc3 Kh7 36. Rb3 g5 37. Be2 Rxf2 38. Qxe4+ Kh6 39. Nd3 Bxc4 40. Rb7 Ng6 41. Rxc4 Qa1+ 42. Rc1 Qa3 43. Nxf2 Qxc1+ 44. Bf1 1-0

[Event "POL-ch 57th"]
[Site "Plock"]
[Date "2000.05.28"]
[Round "1"]
[White "Socko, Bartosz"]
[Black "Kempinski, Robert"]
[Result "1/2-1/2"]
[WhiteElo "2556"]
[BlackElo "2528"]
[PlyCount "32"]
[EventDate "2000.04.28"]
[Source "ChessBase"]
[SourceDate "2000.10.18"]

1. d4 Nf6 2. Nf3 g6 3. c4 Bg7 4. Nc3 d6 5. e4 O-O 6. Be2 e5 7. dxe5 dxe5 8. Qxd8 Rxd8 9. Bg5 Re8 10. Nd5 Nxd5 11. cxd5 c6 12. Bc4 cxd5 13. Bxd5 Nc6 14. Bxc6 bxc6 15. Rc1 Be6 16. b3 a5 1/2-1/2

[Event "New York op"]
[Site "New York"]
[Date "1990.??.??"]
[Round "2"]
[White "Olafsson, Helgi"]
[Black "Wessman, Richard"]
[Result "1-0"]
[WhiteElo "2575"]
[BlackElo "2505"]
[PlyCount "83"]
[EventDate "1990.04.??"]
[Source "ChessBase"]

1. c4 Nf6 2. Nc3 g6 3. e4 d6 4. d4 Bg7 5. Be2 O-O 6. Nf3 e5 7. dxe5 dxe5 8. Qxd8 Rxd8 9. Bg5 Re8 10. Nd5 Nxd5 11. cxd5 c6 12. Bc4 cxd5 13. Bxd5 Nc6 14. O-O-O Nd4 15. Nxd4 exd4 16. Kb1 Be6 17. Bxb7 Rab8 18. Ba6 f5 19. e5 Rb6 20. Bd3 Bxe5 21. Rhe1 Bg7 22. Rc1 h6 23. Bd2 Reb8 24. b3 Bd5 25. f3 R8b7 26. Rc5 Bf7 27. Rec1 Re7 28. Rc7 Rb7 29. Rxb7 Rxb7 30. Rc8+ Kh7 31. Bf4 Bd5 32. Kc2 h5 33. Bc4 Bxc4 34. bxc4 Re7 35. Rc7 Re1 36. Rxa7 g5 37. Bd2 Re6 38. Bxg5 Kg6 39. Kd3 Be5 40. Re7 Ra6 41. Rxe5 Kxg5 42. Re2 1-0

[Event "Hastings 7172"]
[Site "Hastings"]
[Date "1971.??.??"]
[Round "5"]
[White "Botterill, George Steven"]
[Black "Kortschnoj, Viktor"]
[Result "0-1"]
[WhiteElo "2410"]
[BlackElo "2670"]
[PlyCount "76"]
[EventDate "1971.12.??"]
[Source "ChessBase"]

1. d4 Nf6 2. c4 c5 3. d5 g6 4. Nc3 d6 5. e4 Bg7 6. Nf3 O-O 7. Be2 e5 8. O-O Ne8 9. Ne1 Nd7 10. Rb1 Qe7 11. Nd3 Nb6 12. b4 Nxc4 13. bxc5 dxc5 14. Qa4 Ned6 15. Nxc5 Qc7 16. Bxc4 Qxc5 17. Ba3 Qxc4 18. Bxd6 Qxc3 19. Bxf8 Bxf8 20. Rbc1 Qb4 21. Qe8 Qe7 22. Qb5 Qd8 23. f4 a6 24. Qb3 exf4 25. e5 b5 26. d6 Be6 27. Qf3 Bc4 28. Rf2 Bg7 29. Qxf4 Qd7 30. Rf3 Re8 31. Re3 h5 32. Ree1 Kh7 33. Qd4 Qf5 34. Rcd1 Rxe5 35. Rxe5 Bxe5 36. Qxe5 Qxe5 37. d7 Qc5+ 38. Kh1 Be2 0-1

[Event "Linares 10. Hotel Anibal Open"]
[Site "?"]
[Date "2003.03.09"]
[Round "10.1"]
[White "Korobov Anton"]
[Black "Inarkiev Ernesto"]
[Result "1/2-1/2"]
[WhiteElo "2509"]
[BlackElo "2566"]
[PlyCount "47"]
[EventDate "2003.??.??"]
[Source "www.chesslib.no"]
[SourceDate "2004.05.04"]

1. d4 Nf6 2. c4 g6 3. Nc3 Bg7 4. e4 d6 5. Be2 O-O 6. Nf3 e5 7. dxe5 dxe5 8. Qxd8 Rxd8 9. Bg5 Rf8 10. Nd5 Nxd5 11. cxd5 c6 12. Bc4 b5 13. Bb3 Bb7 14. Rc1 a5 15. dxc6 Bxc6 16. Be7 Re8 17. Bd6 a4 18. Bc2 Bh6 19. Rd1 Nd7 20. O-O Rac8 21. Bd3 f6 22. Ne1 Nb6 23. b3 Kf7 24. Bc5 1/2-1/2

[Event "Capablanca Elite 32nd"]
[Site "Cienfuegos"]
[Date "1997.05.17"]
[Round "9"]
[White "Schlosser, Philipp"]
[Black "Zapata, Alonso"]
[Result "1-0"]
[WhiteElo "2560"]
[BlackElo "2515"]
[PlyCount "73"]
[EventDate "1997.05.05"]
[Source "ChessBase"]
[SourceDate "1997.08.01"]

1. d4 Nf6 2. c4 g6 3. Nc3 Bg7 4. e4 d6 5. Nf3 O-O 6. Be2 Nbd7 7. Be3 e5 8. d5 Ng4 9. Bd2 f5 10. Ng5 Ndf6 11. h3 Nh6 12. g4 Nxe4 13. Ngxe4 fxe4 14. Nxe4 Rf4 15. Bxf4 exf4 16. Qd2 Qe7 17. Qxf4 Bxb2 18. Rb1 Bg7 19. O-O Nf7 20. Qe3 b6 21. f4 Bd7 22. Bd3 Re8 23. Kg2 c5 24. Rfe1 Qd8 25. g5 Qc8 26. h4 Bd4 27. Qg3 Qa6 28. h5 Qxa2+ 29. Re2 Qa3 30. hxg6 hxg6 31. Nf6+ Bxf6 32. Rxe8+ Bxe8 33. gxf6 Nh6 34. Qh3 Qa2+ 35. Kh1 Kh7 36. f5 g5 37. f7 1-0

[Event "RUS-Cup9"]
[Site "Novgorod"]
[Date "1997.06.19"]
[Round "7"]
[White "Zakharevich, Igor"]
[Black "Dolmatov, Sergey"]
[Result "1/2-1/2"]
[WhiteElo "2505"]
[BlackElo "2560"]
[PlyCount "60"]
[EventDate "1997.06.11"]
[Source "ChessBase"]
[SourceDate "1997.10.13"]

1. d4 Nf6 2. c4 g6 3. Nc3 Bg7 4. e4 d6 5. Be2 O-O 6. Nf3 e5 7. dxe5 dxe5 8. Qxd8 Rxd8 9. Bg5 Rf8 10. Nxe5 Nxe4 11. Nxe4 Bxe5 12. O-O-O Nd7 13. Rhe1 Bg7 14. Bf1 f6 15. Bf4 Ne5 16. Nxf6+ Bxf6 17. Bxe5 Bg5+ 18. f4 Rxf4 19. Bxf4 Bxf4+ 20. Kc2 Bf5+ 21. Bd3 Bg4 22. Be2 Bf5+ 23. Kb3 Bxh2 24. Bf3 h5 25. c5 Kf7 26. Bxb7 Rb8 27. c6 Kf6 28. Rd4 h4 29. Rb4 Bg3 30. Re2 g5 1/2-1/2

[Event "ARG-ch97"]
[Site "Villa Martelli"]
[Date "1998.08.16"]
[Round "10"]
[White "Ricardi, Pablo"]
[Black "Spangenberg, Hugo"]
[Result "1/2-1/2"]
[WhiteElo "2545"]
[BlackElo "2520"]
[PlyCount "28"]
[EventDate "1998.04.15"]
[Source "www.chesslib.no"]
[SourceDate "2004.05.04"]

1. d4 Nf6 2. Nf3 g6 3. c4 Bg7 4. Nc3 O-O 5. e4 d6 6. Be2 e5 7. dxe5 dxe5 8. Qxd8 Rxd8 9. Bg5 Re8 10. Nd5 Nxd5 11. cxd5 c6 12. Bc4 cxd5 13. Bxd5 Nc6 14. O-O Be6 1/2-1/2

[Event "Buenos Aires Najdorf"]
[Site "Buenos Aires"]
[Date "1995.??.??"]
[Round "6"]
[White "Spangenberg, Hugo"]
[Black "Zarnicki, Pablo"]
[Result "1/2-1/2"]
[WhiteElo "2490"]
[BlackElo "2570"]
[PlyCount "76"]
[EventDate "1995.07.??"]
[Source "ChessBase"]

1. Nf3 Nf6 2. c4 g6 3. Nc3 Bg7 4. e4 d6 5. d4 O-O 6. Be2 e5 7. dxe5 dxe5 8. Qxd8 Rxd8 9. Bg5 Nbd7 10. O-O-O Rf8 11. Nd5 c6 12. Ne7+ Kh8 13. Be3 Re8 14. Nxc8 Raxc8 15. Ng5 Re7 16. f3 Bf8 17. c5 h6 18. Nh3 Ree8 19. b4 a5 20. a3 axb4 21. axb4 b6 22. cxb6 Rb8 23. Kc2 Kg7 24. Rb1 Nxb6 25. Rhc1 Red8 26. Rb3 Ne8 27. Nf2 f5 28. Nd3 Nc4 29. Bf2 fxe4 30. fxe4 Nf6 31. Bf3 Ra8 32. Kd1 Rxd3+ 33. Rxd3 Nb2+ 34. Ke2 Nxd3 35. Kxd3 Bxb4 36. Rxc6 Ra3+ 37. Ke2 Ra2+ 38. Kf1 Ra1+ 1/2-1/2

[Event "IV Open Vila de Sort"]
[Site "Sort SPA"]
[Date "2008.06.27"]
[Round "5"]
[White "Babaev, Rashad"]
[Black "Mamedov, Nidjat"]
[Result "1/2-1/2"]
[WhiteElo "2482"]
[BlackElo "2577"]
[PlyCount "49"]
[EventDate "2008.06.24"]
[Source "www.chesslib.no"]
[SourceDate "2004.05.04"]

1. e4 d6 2. d4 g6 3. c4 Bg7 4. Nc3 Nf6 5. Nf3 O-O 6. Be2 e5 7. dxe5 dxe5 8. Qxd8 Rxd8 9. Bg5 Re8 10. Nd5 Nxd5 11. cxd5 c6 12. Bc4 b5 13. Bb3 a5 14. a4 bxa4 15. Bxa4 Bd7 16. dxc6 Bxc6 17. O-O Bxa4 18. Rxa4 Nd7 19. Bd2 Nc5 20. Rxa5 Nxe4 21. Bb4 Rxa5 22. Bxa5 Rb8 23. Bc7 Rxb2 24. Bxe5 Bxe5 25. Nxe5 1/2-1/2